| 000 | 00805nam a2200193Ii 4500 | ||
|---|---|---|---|
| 003 | JO-AjNU | ||
| 008 | 230605s9999||||xx |||||||||||||| ||und|| | ||
| 040 |
_aJO-AjNU _bara _erda _cJO-AjNU |
||
| 041 | _aara | ||
| 050 | 1 | 4 | _aDS126.5.M3912 1996 |
| 100 | 3 |
_aبار، رافي... واخرون, _eauthor _935739 |
|
| 245 | 0 | 0 | _aاسرائيل 2020 الخطة الشاملة لاسرائيل في سنوات الألفين: سينارو شامل اسرائيل في اجواء السلام |
| 264 | 3 | 1 | _aرام الله: المركز الفلسطيني للدراسا الاقليمية، 2003 |
| 300 |
_a184ص _bخرائط توضيحية |
||
| 336 |
_atext _btxt _2rdacontent |
||
| 337 |
_aunmediated _bn _2rdamedia |
||
| 338 |
_avolume _bnc _2rdacarrier |
||
| 650 | 4 |
_aاسرائيل- مخططات _935740 |
|
| 999 |
_aA14784 _c18352 _d18352 |
||